• 首页
  • 本馆介绍
  • 公告通知
  • 最新文献
  • 馆藏检索
  • 电子资源
  • 读者导购
  • 参考咨询
  • 我的图书馆
  • 登录
  • 详细信息显示
  • 放入我的书架
  • 预约/预借图书
  • 作者相关作品
  • 分类相关作品
  • 丛书相关作品
  • 出版社相关作品

书目信息

  • 表格格式
  • 工作单格式
  • 卡片格式
题名:
我是一名华裔美国士兵
    
 
作者: USDARK 著
分册:  
出版信息: 北京   时事出版社  2005
页数: 161页
开本: 23cm
丛书名:
单 册:
中图分类: I712.55 , I712.5
科图分类:
主题词: 报告文学--美国--现代 , 报告文学
电子资源:
ISBN: 7-80009-931-8
000 00882nam0 2200265 450
001 1553500295
005 20150128145222.76
010    @a7-80009-931-8@dCNY26.00
100    @a20050119d2005 em y0chiy50 ea
101 0  @achi
102    @aCN@b110000
105    @aa z 000zd
200 1  @a我是一名华裔美国士兵@9wo shi yi ming hua yi mei guo shi bing@fUSDARK著
210    @a北京@c时事出版社@d2005
215    @a161页@c彩图@d23cm
312    @a封面英文题名:I am a Chinese American soldier
330    @a本书作者亲历伊战,以自述的方式描写了一名普通华裔士兵在伊拉克的生活,让生活在和平年代里的年轻人感受到一种与众不同的生活体验。
510 1  @aI am a Chinese American soldier@zeng
606 0  @a报告文学@y美国@z现代
606 0  @a报告文学
690    @aI712.55@v5
690    @aI712.5@v4
701  0 @c(美)@aUSDARK@4著
801  0 @aCN@bTSSF@c20150128
905    @aZUCC@dI712.5@eJY9
    
    我是一名华裔美国士兵/USDARK著.-北京:时事出版社,2005
    161页:彩图;23cm
    
    
    ISBN 7-80009-931-8:CNY26.00
    本书作者亲历伊战,以自述的方式描写了一名普通华裔士兵在伊拉克的生活,让生活在和平年代里的年轻人感受到一种与众不同的生活体验。
●
相关链接 在E读中查询图书 在五车中查询图书 在当当中查询图书 在豆瓣中查询图书


正题名:我是一名华裔美国士兵     索取号:I712.5/JY9         预约/预借

序号 登录号 条形码 馆藏地/架位号 状态 备注
1 7839024   278390242   学院路分馆/ [索取号:I712.5/JY9] 在馆    
唐山师范学院图书馆 欢迎您!
大连网信软件有限公司© 版权所有